Juventud y Sociedad en Colombia /

Salvato in:
Dettagli Bibliografici
Autore principale: Parra Sandoval, Rodrigo
Ente Autore: CEPAL
Altri autori: Jaramillo, Bernardo colab. Gónzalez, Olga Lucía colab
Natura: testo
Pubblicazione: s.l: CEPAL
Tags: Aggiungi Tag
Nessun Tag, puoi essere il primo ad aggiungerne!!

MARC

LEADER 00000 a a2200000 04500
001 23385
003
040
090 |a 191800  
100 |a Parra Sandoval, Rodrigo  
110 |a CEPAL  
245 |a Juventud y Sociedad en Colombia /  |c Rodrigo Parra Sandoval 
260 |a s.l:   |b CEPAL  
300 |a 116 p   |b **no definido**  
700 |a Jaramillo, Bernardo   |a colab.   |a Gónzalez, Olga Lucía   |a colab  
999 |c 11840  |d 11840